Logo

Description automatically generated
विद्यार्जन
 संसाधन केंद्र, भारतीय प्रौद्योगिकी संस्थान इन्दौर
Learning Resource Center, Indian Institute of Technology Indore

ऑनलाइन सार्वजनिक अभिगम प्रसूची
Online Public Access Catalogue (OPAC)

Digital Twin Technologies in Transportation Infrastructure Management (Record no. 55861)

MARC details
000 -LEADER
fixed length control field 00700nam a2200241Ia 4500
005 - DATE AND TIME OF LATEST TRANSACTION
control field 20260601193223.0
008 - FIXED-LENGTH DATA ELEMENTS--GENERAL INFORMATION
fixed length control field 260601s9999||||xx |||||||||||||| ||und||
020 ## - INTERNATIONAL STANDARD BOOK NUMBER
International Standard Book Number 978-981-99-5804-7
Qualifying information ebk
100 ## - MAIN ENTRY--PERSONAL NAME
Personal name Wenjuan Wang
245 #0 - TITLE STATEMENT
Title Digital Twin Technologies in Transportation Infrastructure Management
250 ## - EDITION STATEMENT
Edition statement 2024
260 ## - PUBLICATION, DISTRIBUTION, ETC.
Place of publication, distribution, etc. Heidelberg, Germany
Name of publisher, distributor, etc. Springer Nature
Date of publication, distribution, etc. 2024
650 ## - SUBJECT ADDED ENTRY--TOPICAL TERM
Topical term or geographic name entry element Computer Science
700 ## - ADDED ENTRY--PERSONAL NAME
Personal name Chengbo Ai
700 ## - ADDED ENTRY--PERSONAL NAME
Personal name Jin Wang
700 ## - ADDED ENTRY--PERSONAL NAME
Personal name Qasim Zaheer
700 ## - ADDED ENTRY--PERSONAL NAME
Personal name Shi Qiu
700 ## - ADDED ENTRY--PERSONAL NAME
Personal name Sicheng Wang
700 ## - ADDED ENTRY--PERSONAL NAME
Personal name Weidong Wang
700 ## - ADDED ENTRY--PERSONAL NAME
Personal name Wenbo Hu
856 ## - ELECTRONIC LOCATION AND ACCESS
Uniform Resource Identifier <a href="https://link.springer.com/openurl?genre=book&isbn=978-981-99-5804-7">https://link.springer.com/openurl?genre=book&isbn=978-981-99-5804-7</a>
942 ## - ADDED ENTRY ELEMENTS (KOHA)
Koha item type E-Book
Source of classification or shelving scheme Dewey Decimal Classification
Holdings
Withdrawn status Lost status Source of classification or shelving scheme Damaged status Not for loan Home library Current library Shelving location Date acquired Source of acquisition Total Checkouts Barcode Date last seen Uniform Resource Identifier Price effective from Koha item type Public note
    Dewey Decimal Classification     LRC, IIT Indore LRC, IIT Indore Online 31/03/2025 PO No. : LRC/ER/2024/AP-05/PO-32, dt.22.03.2024; Vendor : Springer Customer Service Center Gmbh, Heidelberg, Germany; Bill No.: 2939532724, dt.26.03.2024 ; Price: Set Price (see Accession No. EB8052)   EB8174 01/06/2026 https://link.springer.com/openurl?genre=book&isbn=978-981-99-5804-7 31/03/2025 E-Book One time purchase (Perpetual access)
Copyright © 2017-2026 Indian Institute of Technology Indore. All Rights Reserved.
Managed & maintained by Learning Resource Center, IIT Indore